000 00474cam a22001457a 4500
008 180718b2005 xxu||||| |||| 00| 0 eng d
100 _aGuermazi, Boutheina
245 _aMobile license renewal: what are the issues? what is at stake?
_cby Boutheina Guermazi and Isabel Neto
260 _aWashington, D.C.
_bWorld Bank
_c2005
300 _a22p.
440 _aPolicy research working paper; no. 3729
650 _aLicenses
650 _aNeto, Isabel
700 _aNeto, Isabel
999 _c292944
_d292944